000 01090nam a2200277Ia 4500
003 OSt
005 20221005105042.0
006 a|||||r|||| 00| 0
007 ta
008 221004b |||||||| |||| 00| 0 hin d
020 _a9789380172859 (pbk)
_cINR 120.00
024 _a37786
037 _b1515, 21/02/2018, Bookwell
_cTextual
040 _aCRL
_cCRL
_bhin
041 _2hin
_ahin
082 _aO152,3:g, Q6
100 _aशर्मा, हरि मोहन, संपा.
_9160210
245 0 _aकथालोचना, दृश्य-परिदृश्य
246 _aKathālochanā, dṛushya-paridṛushya
260 _aदिल्ली
_bहिंदी माध्यम कार्यान्वय निदेशालय भारत
_c2016
300 _a185पृ0
_ccm.
650 _a हिन्दी आलोचना
650 _aहिन्दी साहित्य
942 _hO152,3:g, Q6
_cTEXL
_2cc
999 _c1014595
_d1014595